-
TIWARI , DR, SAKET RAMAN , RATHOR PROF CHHOTE LAL AND SING Dr. YOGESH KUMAR
Entry Personal Name
Number of records used in: 1
001 - CONTROL NUMBER
003 - CONTROL NUMBER IDENTIFIER
005 - DATE AND TIME OF LATEST TRANSACTION
- control field:
20240108161849.0
008 - FIXED-LENGTH DATA ELEMENTS
- fixed length control field:
240108|| aca||aabn | a|a d
040 ## - CATALOGING SOURCE
- Original cataloging agency:
JRU
- Transcribing agency:
JRU
100 ## - HEADING--PERSONAL NAME
- Personal name:
TIWARI , DR, SAKET RAMAN , RATHOR PROF CHHOTE LAL AND SING Dr. YOGESH KUMAR
670 ## - SOURCE DATA FOUND
- Source citation:
Work cat.: (JRU)7969: TIWARI , DR, SAKET RAMAN , RATHOR PROF CHHOTE LAL AND SING Dr. YOGESH KUMAR, HEALTH EDUCATION, 2020